000 00452nam a2200169Ia 4500
008 090711s9999 xx 000 0 und d
082 _b46567
100 _aवाळिंबे वि. स.
245 _aसावरकर
260 _c1983
300 _a371
600 _aवाळिंबे वि. स.
630 _aसावरकर
700 _aवाळिंबे वि. स.
730 _aसावरकर
942 _cBOOK
999 _c332336
_d332336